[Event "LTU-chT"]
[Site "Lithuania"]
[Date "2014.02.09"]
[Round "5.5"]
[White "Bastys, Robertas"]
[Black "Paulauskiene, Vilma"]
[Result "1/2-1/2"]
[WhiteElo "2236"]
[BlackElo "2042"]
[PlyCount "88"]
[EventDate "2014.01.25"]
[EventType "team-swiss"]
[EventRounds "7"]
[EventCountry "LTU"]
[SourceTitle "CBM 158 Extra"]
[Source "ChessBase"]
[SourceDate "2014.02.28"]
[SourceVersion "1"]
[SourceVersionDate "2014.02.28"]
[SourceQuality "1"]
[WhiteTeam "Vilnius SSM"]
[BlackTeam "Siauliai Drakonas"]
[WhiteTeamCountry "LTU"]
[BlackTeamCountry "LTU"]

1. c4 Nf6 2. Nc3 g6 3. g3 Bg7 4. Bg2 0-0 5. e4 e5 6. Nge2 d6 7. 0-0 Be6 8. b3 Qd7 9. d4 exd4 10. Nxd4 Bh3 11. f3 Bxg2 12. Kxg2 Nc6 13. Nxc6 Qxc6 14. Bb2 Qc5 15. Qd2 c6 16. Rad1 Rad8 17. Rfe1 Rd7 18. Na4 Qh5 19. Bd4 b5 20. cxb5 Qxb5 21. Qf2 Qb7 22. Nb2 Rc8 23. Nc4 d5 24. exd5 cxd5 25. Ne3 a5 26. Qb2 Ne8 27. Re2 h5 28. Rdd2 Bh6 29. Rf2 Ng7 30. Qa3 Qb5 31. Rfe2 Ne6 32. Qb2 Nxd4 33. Qxd4 Re8 34. Kf2 Bg7 35. Qd3 Qc5 36. Kg2 Ree7 37. Nd1 d4 38. Rxe7 Rxe7 39. Re2 Kh7 40. Rxe7 Qxe7 41. Nf2 f5 42. Nh3 h4 43. Qd2 Bf6 44. Nf2 hxg3 1/2-1/2

[Event "LTU-chT"]
[Site "Lithuania"]
[Date "2014.01.25"]
[Round "1.5"]
[White "Ceponis, Tadas"]
[Black "Paulauskiene, Vilma"]
[Result "1/2-1/2"]
[WhiteElo "1949"]
[BlackElo "2042"]
[PlyCount "102"]
[EventDate "2014.01.25"]
[EventType "team-swiss"]
[EventRounds "7"]
[EventCountry "LTU"]
[SourceTitle "CBM 158 Extra"]
[Source "ChessBase"]
[SourceDate "2014.02.28"]
[SourceVersion "1"]
[SourceVersionDate "2014.02.28"]
[SourceQuality "1"]
[WhiteTeam "Kaunas Milsa"]
[BlackTeam "Siauliai Drakonas"]
[WhiteTeamCountry "LTU"]
[BlackTeamCountry "LTU"]

1. d4 Nf6 2. c4 d6 3. Nc3 g6 4. e4 Bg7 5. Be2 0-0 6. Nf3 e5 7. d5 Nbd7 8. Be3 h6 9. Nd2 Ne8 10. b4 f5 11. f3 f4 12. Bf2 g5 13. Nb3 Ndf6 14. h3 h5 15. Qc2 Bd7 16. c5 a6 17. Rd1 Qe7 18. Na5 b6 19. cxd6 cxd6 20. Nc6 Bxc6 21. dxc6 b5 22. a4 bxa4 23. Qxa4 Nc7 24. Bb6 Rfc8 25. Qa5 Bf8 26. Bxc7 Qxc7 27. Qxc7 Rxc7 28. Nd5 Nxd5 29. exd5 Be7 30. Kd2 Bd8 31. Ra1 Rca7 32. Ra4 Kg7 33. Rha1 a5 34. Kd3 Kf6 35. Kc4 Ke7 36. Bd1 Bb6 37. bxa5 Rxa5 38. Rxa5 Rxa5 39. Rxa5 Bxa5 40. Kd3 h4 41. Bc2 Bc7 42. Ke4 Kf6 43. Kd3 Ke7 44. Kc4 Ba5 45. Kb5 Bc7 46. Ka6 Kd8 47. Bf5 Bb8 48. Kb7 Bc7 49. Bg4 Ba5 50. Ka6 Bc7 51. Kb5 Ke7 1/2-1/2

[Event "Plateliai op 23rd"]
[Site "Plateliai"]
[Date "2013.07.21"]
[Round "9"]
[White "Paulauskiene, Vilma"]
[Black "Maciuityte, Greta"]
[Result "1-0"]
[WhiteElo "2058"]
[BlackElo "1595"]
[PlyCount "53"]
[EventDate "2013.07.15"]
[EventType "swiss"]
[EventRounds "9"]
[EventCountry "LTU"]
[SourceTitle "EXT 2014"]
[Source "ChessBase"]
[SourceDate "2013.11.20"]
[SourceVersion "1"]
[SourceVersionDate "2013.11.20"]
[SourceQuality "1"]

1. d4 d5 2. c4 e6 3. Nc3 Nf6 4. Bg5 Be7 5. e3 Nbd7 6. Nf3 0-0 7. Rc1 h6 8. Bh4 c6 9. Bd3 dxc4 10. Bxc4 Nb6 11. Bd3 Nfd5 12. Bxe7 Qxe7 13. 0-0 f6 14. Bb1 f5 15. a3 Bd7 16. e4 Nf4 17. Re1 Qf6 18. Qd2 fxe4 19. Nxe4 Qg6 20. Ng3 Qg4 21. Ne5 Qg5 22. Qc2 Rfd8 23. Qh7+ Kf8 24. Ng6+ Nxg6 25. Bxg6 Be8 26. Qh8+ Ke7 27. Qxg7+ 1-0

[Event "Plateliai op 23rd"]
[Site "Plateliai"]
[Date "2013.07.19"]
[Round "7"]
[White "Paulauskiene, Vilma"]
[Black "Zalimaite, Ieva"]
[Result "1-0"]
[WhiteElo "2058"]
[BlackElo "1847"]
[PlyCount "89"]
[EventDate "2013.07.15"]
[EventType "swiss"]
[EventRounds "9"]
[EventCountry "LTU"]
[SourceTitle "EXT 2014"]
[Source "ChessBase"]
[SourceDate "2013.11.20"]
[SourceVersion "1"]
[SourceVersionDate "2013.11.20"]
[SourceQuality "1"]

1. Nf3 d5 2. d3 Nf6 3. g3 Nc6 4. Bg2 e5 5. Nbd2 Bf5 6. Nh4 Be6 7. e4 Qd7 8. c3 a5 9. 0-0 Bc5 10. a4 dxe4 11. Nxe4 Nxe4 12. dxe4 Rd8 13. Qxd7+ Rxd7 14. Nf5 g6 15. Ng7+ Ke7 16. Bg5+ f6 17. Nxe6 Kxe6 18. Bh3+ f5 19. Rad1 Rxd1 20. Rxd1 Be7 21. Be3 Rd8 22. Rxd8 Bxd8 23. Kf1 Be7 24. Ke2 Bd6 25. Kd3 Kf6 26. f3 f4 27. Bf2 h5 28. Bc8 b6 29. Kc4 g5 30. Bd7 Ne7 31. b4 fxg3 32. hxg3 Ng6 33. bxa5 bxa5 34. Kb5 h4 35. Kxa5 hxg3 36. Bxg3 Bc5 37. Kb5 Ba7 38. a5 Ke7 39. Kc6 Kd8 40. Bg4 Nf4 41. a6 Nd3 42. Kb7 Bb6 43. a7 Nc5+ 44. Kb8 Na6+ 45. Ka8 1-0

[Event "Plateliai op 23rd"]
[Site "Plateliai"]
[Date "2013.07.18"]
[Round "5"]
[White "Paulauskiene, Vilma"]
[Black "Khudovekov, Nikolay"]
[Result "1-0"]
[WhiteElo "2058"]
[BlackElo "1769"]
[PlyCount "43"]
[EventDate "2013.07.15"]
[EventType "swiss"]
[EventRounds "9"]
[EventCountry "LTU"]
[SourceTitle "EXT 2014"]
[Source "ChessBase"]
[SourceDate "2013.11.20"]
[SourceVersion "1"]
[SourceVersionDate "2013.11.20"]
[SourceQuality "1"]

1. Nf3 f5 2. d4 d6 3. c4 Nf6 4. Nc3 g6 5. e3 Bg7 6. Bd3 e5 7. dxe5 dxe5 8. Nxe5 Ne4 9. Qa4+ c6 10. Bxe4 fxe4 11. f4 Bxe5 12. fxe5 Qh4+ 13. g3 Qh3 14. Nxe4 Qg2 15. Nf6+ Kf7 16. Rf1 Bh3 17. Rf2 Qh1+ 18. Ke2 Kg7 19. Qb4 Rf8 20. Qe7+ Rf7 21. Ne8+ Kh8 22. Qf8+ 1-0

[Event "Plateliai op 23rd"]
[Site "Plateliai"]
[Date "2013.07.18"]
[Round "6"]
[White "Vaitkevicius, Paulius"]
[Black "Paulauskiene, Vilma"]
[Result "1/2-1/2"]
[WhiteElo "1748"]
[BlackElo "2058"]
[PlyCount "42"]
[EventDate "2013.07.15"]
[EventType "swiss"]
[EventRounds "9"]
[EventCountry "LTU"]
[SourceTitle "EXT 2014"]
[Source "ChessBase"]
[SourceDate "2013.11.20"]
[SourceVersion "1"]
[SourceVersionDate "2013.11.20"]
[SourceQuality "1"]

1. e4 d6 2. d4 g6 3. Nf3 Bg7 4. Be3 Nf6 5. Nbd2 0-0 6. Be2 Nbd7 7. 0-0 Ng4 8. Bg5 h6 9. Bh4 c5 10. c3 Ngf6 11. Bd3 Nh7 12. Nb3 b6 13. e5 dxe5 14. dxe5 Nxe5 15. Be4 Ba6 16. Re1 Rc8 17. Nxe5 Bxe5 18. Qxd8 Rfxd8 19. Bxg6 f6 20. Bg3 Nf8 21. Be4 Bxg3 1/2-1/2

[Event "LTU-chT"]
[Site "Vilnius"]
[Date "2013.02.09"]
[Round "4.5"]
[White "Sumskis, Rimvydas"]
[Black "Paulauskiene, Vilma"]
[Result "1/2-1/2"]
[WhiteElo "2172"]
[BlackElo "2078"]
[PlyCount "84"]
[EventDate "2013.01.19"]
[EventType "team-swiss"]
[EventRounds "7"]
[EventCountry "LTU"]
[SourceTitle "CBM 152 Extra"]
[Source "ChessBase"]
[SourceDate "2013.02.25"]
[SourceVersion "1"]
[SourceVersionDate "2013.02.25"]
[SourceQuality "1"]
[WhiteTeam "Marijampole Suduva"]
[BlackTeam "Siauliai Drakonas"]
[WhiteTeamCountry "LTU"]
[BlackTeamCountry "LTU"]

1. e4 d6 2. d4 g6 3. h4 Nf6 4. Nc3 Bg7 5. Be2 h5 6. Bg5 Nbd7 7. Qd2 c5 8. dxc5 Nxc5 9. f3 Bd7 10. 0-0-0 Qa5 11. Kb1 Rc8 12. Nh3 Na4 13. Nxa4 Qxa4 14. Nf2 Be6 15. b3 Qc6 16. c4 Nd7 17. Nd3 b5 18. cxb5 Qxb5 19. Rc1 Rb8 20. Nc5 Qb6 21. Nxe6 fxe6 22. Be3 Nc5 23. Bxc5 dxc5 24. Qg5 Kf7 25. Qxc5 Qxc5 26. Rxc5 Bd4 27. Rc6 Rb6 28. Rhc1 Rd8 29. Rxb6 axb6 30. Rd1 Kf6 31. a4 Rd6 32. f4 e5 33. f5 gxf5 34. Bxh5 f4 35. Bf3 Bf2 36. h5 Bd4 37. Rd3 Rc6 38. b4 Rc4 39. Rb3 Bc3 40. a5 bxa5 41. bxa5 Bxa5 42. Rb5 Rb4+ 1/2-1/2

[Event "LTU-chT"]
[Site "Lithuania"]
[Date "2012.02.12"]
[Round "5"]
[White "Baliasnyj, Timur"]
[Black "Paulauskiene, Vilma"]
[Result "1-0"]
[WhiteElo "2224"]
[BlackElo "2082"]
[PlyCount "59"]
[EventDate "2012.01.21"]
[EventType "team-swiss"]
[EventRounds "7"]
[EventCountry "LTU"]
[SourceTitle "CBM 146 Extra"]
[Source "ChessBase"]
[SourceDate "2012.02.29"]
[SourceVersion "1"]
[SourceVersionDate "2012.02.29"]
[SourceQuality "1"]
[WhiteTeam "Kaunas AG"]
[BlackTeam "Siauliai Drakonas"]
[WhiteTeamCountry "LTU"]
[BlackTeamCountry "LTU"]

1. c4 Nf6 2. Nf3 g6 3. g3 Bg7 4. Bg2 d6 5. 0-0 e5 6. Nc3 Nc6 7. Rb1 a5 8. d3 0-0 9. a3 Bd7 10. b4 axb4 11. axb4 Qc8 12. Re1 Re8 13. Bg5 Ne7 14. b5 b6 15. Nd2 Ra7 16. Ra1 Rxa1 17. Qxa1 Bh3 18. Qa6 Qg4 19. Bxf6 Bxf6 20. Qb7 Bxg2 21. Kxg2 Qd7 22. Ra1 Qc8 23. Ra7 Qxb7+ 24. Rxb7 Rc8 25. Nde4 Bg7 26. Nxd6 cxd6 27. Rxe7 Ra8 28. Rb7 Ra3 29. Ne4 Bf8 30. Rxb6 1-0

[Event "LTU-chT 1011"]
[Site "Lithuania"]
[Date "2011.01.30"]
[Round "6"]
[White "Paulauskiene, Vilma"]
[Black "Zaksaite, Salomeja"]
[Result "1-0"]
[WhiteElo "2078"]
[BlackElo "2198"]
[PlyCount "47"]
[EventDate "2010.11.06"]
[EventType "team-tourn"]
[EventRounds "9"]
[EventCountry "LTU"]
[SourceTitle "EXT 2012"]
[Source "ChessBase"]
[SourceDate "2011.11.24"]
[SourceVersion "1"]
[SourceVersionDate "2011.11.24"]
[SourceQuality "1"]

1. d4 Nf6 2. c4 g6 3. Nc3 d5 4. Bg5 Ne4 5. Bh4 Nxc3 6. bxc3 dxc4 7. Qa4+ Nc6 8. e3 Bg7 9. Bxc4 0-0 10. Nf3 Qe8 11. Qa3 e5 12. 0-0 e4 13. Nd2 Kh8 14. Bg3 f5 15. Bxc7 g5 16. Bd6 Rf6 17. Bb5 Qg6 18. Nc4 Be6 19. Ne5 Qh5 20. Nxc6 Rh6 21. Bg3 bxc6 22. Bxc6 Rf8 23. Be5 f4 24. Qxf8+ 1-0

[Event "LTU-chT 4th 0809"]
[Site "Lithuania"]
[Date "2009.01.11"]
[Round "5.45"]
[White "Paulauskiene, Vilma"]
[Black "Laurusaite, Brigita"]
[Result "0-1"]
[WhiteElo "2097"]
[BlackElo "2047"]
[PlyCount "94"]
[EventDate "2008.11.08"]
[EventType "team"]
[EventRounds "9"]
[EventCountry "LTU"]
[SourceTitle "EXT 2024"]
[Source "ChessBase"]
[SourceDate "2023.10.10"]
[SourceVersion "1"]
[SourceVersionDate "2023.10.10"]
[SourceQuality "1"]

1. d4 d5 2. c4 dxc4 3. Nc3 e6 4. Bf4 a6 5. e3 Nf6 6. Bxc4 b5 7. Bb3 Bb7 8. Nf3 c5 9. dxc5 Qxd1+ 10. Rxd1 Bxc5 11. 0-0 Nbd7 12. Ne5 Nxe5 13. Bxe5 Ke7 14. Rd2 Rhd8 15. Rfd1 Rxd2 16. Rxd2 Nd7 17. Bg3 Rc8 18. Rd1 Nb6 19. h3 Bb4 20. Ne2 Nc4 21. Rd4 Bd6 22. Bxd6+ Nxd6 23. a4 Rc5 24. Nc3 Rg5 25. g3 Rc5 26. Kf1 a5 27. axb5 Nxb5 28. Rc4 Rxc4 29. Bxc4 Nxc3 30. bxc3 Kd6 31. Ke2 Kc5 32. Bb3 Bc6 33. Kd3 a4 34. Ba2 a3 35. h4 Ba4 36. e4 Bc6 37. f4 f5 38. e5 Be4+ 39. Kd2 Bd5 40. Bxd5 Kxd5 41. Kc2 Kc4 42. h5 h6 43. Kb1 Kxc3 44. Ka2 Kb4 45. Ka1 Kb3 46. Kb1 a2+ 47. Ka1 Ka3 0-1

[Event "LTU-ch (Women)"]
[Site "Vilkaviskis"]
[Date "1994.??.??"]
[Round "5"]
[White "Paulauskiene, Vilma"]
[Black "Sarakauskiene, Zivile"]
[Result "0-1"]
[WhiteElo "2065"]
[BlackElo "2045"]
[PlyCount "98"]
[EventDate "1994.??.??"]
[EventType "tourn"]
[EventRounds "13"]
[EventCountry "LTU"]
[SourceTitle "EXT 1997"]
[Source "ChessBase"]
[SourceDate "1996.11.15"]
[SourceVersion "1"]
[SourceVersionDate "1996.11.15"]
[SourceQuality "1"]

1. b4 e5 2. Bb2 Bxb4 3. Bxe5 Nf6 4. c4 Nc6 5. Bb2 0-0 6. Nf3 d5 7. e3 Re8 8. Be2 dxc4 9. Bxc4 Be6 10. Bxe6 Rxe6 11. 0-0 Qd3 12. Qb3 Rd8 13. Nd4 Nxd4 14. Bxd4 Qxb3 15. axb3 a6 16. Rc1 c5 17. Bc3 Bxc3 18. Rxc3 Ne4 19. Rc2 Rb6 20. f3 Nf6 21. Ra3 Rc6 22. Ra5 Rdc8 23. Kf2 Nd5 24. Ke2 Nb4 25. Rc1 b5 26. Nc3 c4 27. bxc4 Rxc4 28. Rb1 f5 29. Na2 Nxa2 30. Rxa2 R4c6 31. Rba1 Ra8 32. Ra5 Rb6 33. d4 Kf7 34. Kd3 Ke6 35. e4 fxe4+ 36. fxe4 b4 37. e5 b3 38. Ke4 b2 39. Rb1 Rc8 40. d5+ Kd7 41. Ra2 Rc2 42. g4 Rxh2 43. Kd3 Rg2 44. Ra4 Rg3+ 45. Kc2 Re3 46. Rf4 Rxe5 47. Rf7+ Re7 48. Rf2 Kd6 49. Rd2 Reb7 0-1